000 01310nam a2200277 4500
005 20250507140643.0
008 250507b |||||||| |||| 00| 0 eng d
020 _a9780367211769
037 _cTextual
040 _aRTL
_cRTL
084 _aU47 P5;R4
_qRTL
245 _aIntroduction human geographies
250 _a4th
260 _aLondon
_bRoutledge
_c2024
300 _axxxii, 1043 p. ill.
_bIncludes bibliographical reference and index
520 _aIntroducing Human Geographies is a 'travel guide' into the academic subject of human geography and the things that it studies. The coverage of the new edition has been thoroughly refreshed to reflect and engage with the contemporary nature and direction of human geography. This updated and much extended fourth edition includes a diverse range of authors and topics from across the globe, with a completely revised set of contributions reflecting contemporary concerns in human geography.
650 _aGeography
650 _aEarth sciences
650 _a Human geography
_9755393
700 _aDombroski, Kelly
_eEditor
_9755394
700 _aGoodwin, Mark
_eEditor
_9288303
700 _aQian, Juxi
_eEditor
_9755395
700 _aWilliams, Andrew
_eEditor
700 _aCloke, Paul
_eEditor
942 _2CC
_n0
_cTB
_hU47 P5; R4
999 _c1320319
_d1320319